[Event "Trois-Rivieres Mauricie op"]
[Site "Trois Rivieres"]
[Date "2016.03.19"]
[Round "2"]
[White "Ouellet, Maili Jade"]
[Black "Wilkin, Alain"]
[Result "1-0"]
[WhiteElo "1989"]
[BlackElo "1917"]
[PlyCount "90"]
[EventDate "2016.03.18"]
[EventType "swiss"]
[EventRounds "5"]
[EventCountry "CAN"]
[SourceTitle "EXT 2022"]
[Source "ChessBase"]
[SourceDate "2021.10.06"]
[SourceVersion "1"]
[SourceVersionDate "2021.10.06"]
[SourceQuality "1"]

1. d4 d5 2. c4 e6 3. Nc3 Nf6 4. Bg5 c6 5. Nf3 Nbd7 6. e3 Be7 7. cxd5 exd5 8. Bd3 h6 9. Bh4 0-0 10. 0-0 Ne4 11. Bxe7 Qxe7 12. Qc2 f5 13. Rae1 a5 14. Nd2 Nxd2 15. Qxd2 Nf6 16. Na4 Qc7 17. f3 Bd7 18. Rc1 Rae8 19. Rfe1 Re7 20. Bb1 Bc8 21. Nc5 b6 22. Nd3 Nd7 23. Nf4 Qd6 24. Qc3 Bb7 25. a3 g5 26. Nd3 Rfe8 27. Nf2 Qf6 28. Qd3 Rf8 29. Ba2 Kg7 30. b4 axb4 31. axb4 Rd8 32. Nh1 f4 33. Bb1 Nf8 34. exf4 gxf4 35. Nf2 Rde8 36. Rxe7+ Qxe7 37. Qd2 Qe3 38. Qxe3 fxe3 39. Ng4 Ne6 40. Nxe3 Nxd4 41. Kf2 Kf6 42. h4 Nb3 43. Rd1 d4 44. Nc4 Rd8 45. Bc2 Nc5 1-0

[Event "Montreal op"]
[Site "Montreal"]
[Date "2014.09.06"]
[Round "3"]
[White "Wilkin, Alain"]
[Black "Ming, Wenyang"]
[Result "1/2-1/2"]
[WhiteElo "1935"]
[BlackElo "2117"]
[PlyCount "148"]
[EventDate "2014.09.05"]
[EventType "swiss"]
[EventRounds "5"]
[EventCountry "CAN"]
[SourceTitle "EXT 2022"]
[Source "ChessBase"]
[SourceDate "2021.10.06"]
[SourceVersion "1"]
[SourceVersionDate "2021.10.06"]
[SourceQuality "1"]

1. d4 Nf6 2. Nf3 c5 3. e3 g6 4. Bd3 Bg7 5. 0-0 0-0 6. Nbd2 cxd4 7. exd4 Nc6 8. c3 d5 9. Re1 Bf5 10. Bxf5 gxf5 11. Nf1 Qc7 12. g3 Ne4 13. Ne3 e6 14. Ng2 b5 15. Ng5 b4 16. Nxe4 fxe4 17. Nf4 Rac8 18. Nh5 f5 19. Nxg7 Qxg7 20. Bf4 bxc3 21. bxc3 Na5 22. Qa4 Nc4 23. Qa6 Rfe8 24. Rab1 e5 25. Rb7 Qg6 26. Qxg6+ hxg6 27. Bh6 Re6 28. Rg7+ Kh8 29. Rxa7 exd4 30. cxd4 Rec6 31. Rb1 R8c7 32. Ra8+ Rc8 33. Rxc8+ Rxc8 34. Rb5 Ra8 35. Rxd5 Rxa2 36. Rc5 Nd2 37. Bxd2 Rxd2 38. Rd5 Kg7 39. h4 Kf6 40. Rd6+ Ke7 41. Rxg6 Rxd4 42. Kf1 Rd2 43. h5 Kf7 44. Rc6 f4 45. gxf4 Rd5 46. h6 Rf5 47. h7 Rh5 48. Ke2 Rh3 49. f5 Kg7 50. Re6 Kxh7 51. Rxe4 Kg7 52. Re6 Rh5 53. f4 Rxf5 54. Kf3 Kf7 55. Rb6 Ra5 56. Kg4 Ra1 57. Kg5 Ra5+ 58. f5 Ra7 59. Rh6 Kg8 60. Rg6+ Kf7 61. Rh6 Kg8 62. Rb6 Kf7 63. Rc6 Rb7 64. Rh6 Kg8 65. Rd6 Kf7 66. Rf6+ Kg7 67. Rg6+ Kf7 68. Rd6 Ra7 69. Rd4 Kg7 70. Re4 Kf7 71. Rh4 Ra6 72. Rh7+ Kg8 73. Rb7 Kf8 74. Rc7 Rb6 1/2-1/2

[Event "Montreal op"]
[Site "Montreal"]
[Date "2014.09.05"]
[Round "1"]
[White "Wilkin, Alain"]
[Black "Nicula, Marius"]
[Result "0-1"]
[WhiteElo "1935"]
[BlackElo "2233"]
[PlyCount "67"]
[EventDate "2014.09.05"]
[EventType "swiss"]
[EventRounds "5"]
[EventCountry "CAN"]
[SourceTitle "EXT 2022"]
[Source "ChessBase"]
[SourceDate "2021.10.06"]
[SourceVersion "1"]
[SourceVersionDate "2021.10.06"]
[SourceQuality "1"]

1. d4 e6 2. g3 d5 3. Bg2 f5 4. Nh3 Nf6 5. Nf4 Be7 6. h4 0-0 7. Nd2 Bd6 8. Nf3 Ne4 9. 0-0 Qf6 10. c3 Nd7 11. Qe1 c6 12. Nd3 h6 13. Nfe5 Bxe5 14. Nxe5 Nxe5 15. dxe5 Qxe5 16. Bf4 Qf6 17. f3 e5 18. fxe4 exf4 19. exd5 fxg3 20. Qxg3 f4 21. Qf2 cxd5 22. Bxd5+ Be6 23. Bg2 Rad8 24. e3 Bc4 25. Rfd1 Rxd1+ 26. Rxd1 f3 27. Bh3 Be2 28. Rd4 Qg6+ 29. Kh2 Re8 30. e4 Rxe4 31. Rd8+ Kh7 32. Qc5 Rxh4 33. Qf2 Rxh3+ 34. Kxh3 0-1

[Event "Trois-Rivieres Mauricie op"]
[Site "Trois Rivieres"]
[Date "2010.03.20"]
[Round "3"]
[White "Wilkin, Alain"]
[Black "Chabot, Roland"]
[Result "1/2-1/2"]
[WhiteElo "1931"]
[BlackElo "2249"]
[PlyCount "104"]
[EventDate "2010.03.19"]
[EventType "swiss"]
[EventRounds "5"]
[EventCountry "CAN"]
[SourceTitle "EXT 2022"]
[Source "ChessBase"]
[SourceDate "2021.10.06"]
[SourceVersion "1"]
[SourceVersionDate "2021.10.06"]
[SourceQuality "1"]

1. e4 c5 2. Nf3 e6 3. d3 Nc6 4. g3 d5 5. Nbd2 Nf6 6. Bg2 Be7 7. 0-0 0-0 8. e5 Nd7 9. Re1 b5 10. h4 a5 11. Nf1 b4 12. Bf4 a4 13. a3 bxa3 14. bxa3 Rb8 15. Ne3 Rb2 16. Qc1 Qb6 17. Nd1 Rb5 18. Nc3 Ra5 19. Qd2 Ba6 20. Reb1 Qa7 21. h5 c4 22. d4 Rb8 23. Re1 Bc8 24. g4 Ra6 25. g5 g6 26. hxg6 hxg6 27. Be3 Na5 28. Qd1 Kf8 29. Nh2 Ke8 30. Ng4 Bb7 31. Nh6 Bc6 32. Qf3 Nf8 33. Qxf7+ Kd8 34. Qf3 Rb2 35. Nf7+ Kc8 36. Nd6+ Kb8 37. Rab1 Rxb1 38. Rxb1+ Rb6 39. Rd1 Qd7 40. Bh3 Ka8 41. Bf4 Rb2 42. Rc1 Rb8 43. Qe3 Nh7 44. Qg3 Rf8 45. Bd2 Nb7 46. Nxb7 Bxb7 47. Bg2 Bc6 48. Rd1 Rb8 49. Bc1 Qd8 50. f4 Nf8 51. Qg4 Qa5 52. Qf3 Qa7 1/2-1/2

[Event "Trois-Rivieres Mauricie op"]
[Site "Trois Rivieres"]
[Date "2010.03.20"]
[Round "2"]
[White "Wilkin, Alain"]
[Black "Luksza, Arkadiusz"]
[Result "0-1"]
[WhiteElo "1931"]
[BlackElo "2207"]
[PlyCount "74"]
[EventDate "2010.03.19"]
[EventType "swiss"]
[EventRounds "5"]
[EventCountry "CAN"]
[SourceTitle "EXT 2022"]
[Source "ChessBase"]
[SourceDate "2021.10.06"]
[SourceVersion "1"]
[SourceVersionDate "2021.10.06"]
[SourceQuality "1"]

1. e4 d6 2. d4 g6 3. Nf3 Bg7 4. Be2 Nf6 5. Nc3 c6 6. 0-0 0-0 7. Re1 Qc7 8. h3 e5 9. Bf1 b5 10. dxe5 dxe5 11. Bg5 h6 12. Bd2 Nbd7 13. a3 Rd8 14. Qc1 Kh7 15. g3 Nf8 16. Bg2 a6 17. Nh2 Ne6 18. Be3 Bb7 19. Nf1 Rd7 20. f4 exf4 21. gxf4 c5 22. e5 Bxg2 23. exf6 Bxf1 24. Rxf1 Bxf6 25. Ne4 Bh8 26. c3 Re8 27. Nf2 Ng7 28. Ng4 Nf5 29. Bf2 h5 30. Nh2 Qc6 31. Qc2 Bf6 32. Rfe1 Rxe1+ 33. Rxe1 c4 34. Re4 Rd3 35. Qe2 Ng3 36. Bxg3 Rxg3+ 37. Kf1 Qd7 0-1

[Event "Quebec op U2300"]
[Site "Montreal"]
[Date "2007.07.26"]
[Round "7"]
[White "Drolet, Stephane"]
[Black "Wilkin, Alain"]
[Result "1-0"]
[WhiteElo "2149"]
[BlackElo "1913"]
[PlyCount "136"]
[EventDate "2007.07.20"]
[EventType "swiss"]
[EventRounds "9"]
[EventCountry "CAN"]
[SourceTitle "EXT 2022"]
[Source "ChessBase"]
[SourceDate "2021.10.06"]
[SourceVersion "1"]
[SourceVersionDate "2021.10.06"]
[SourceQuality "1"]

1. d4 Nf6 2. Nf3 g6 3. c4 d6 4. Nc3 Bg7 5. Bg5 h6 6. Bh4 g5 7. Bg3 Nh5 8. e3 Nxg3 9. hxg3 c6 10. Be2 Bf5 11. 0-0 Nd7 12. Rc1 0-0 13. b4 e5 14. b5 Bg6 15. g4 e4 16. Nd2 Re8 17. bxc6 bxc6 18. Nb3 Nf6 19. Rb1 Rb8 20. Qd2 Qd7 21. Na5 Qc7 22. Rxb8 Rxb8 23. Rb1 Rxb1+ 24. Nxb1 Nd7 25. Nb3 Qb6 26. Qa5 Bf6 27. Nc3 Bd8 28. Qa4 Nf6 29. Qa3 Qb8 30. Qa6 Qb6 31. Qc8 Qc7 32. Qa8 Kg7 33. d5 cxd5 34. Nxd5 Nxd5 35. Qxd5 Kg8 36. Nd4 Qb6 37. Nb3 Kh7 38. Bd1 Bf6 39. Bc2 Qb4 40. Qd2 Bc3 41. Qd5 Be5 42. Kf1 Qc3 43. Bxe4 Bxe4 44. Qxe4+ Kg7 45. g3 Qb4 46. Qd5 Bc3 47. Kg2 a5 48. Qb5 Qa3 49. c5 dxc5 50. Qxc5 Qxc5 51. Nxc5 Bb4 52. Nd3 Bc3 53. Kf3 Kf6 54. Ke4 Ke6 55. f4 f6 56. Nc1 Be1 57. Ne2 Kf7 58. Kd5 Bd2 59. e4 Be1 60. a4 Bd2 61. e5 fxe5 62. fxe5 Be1 63. e6+ Ke8 64. Nd4 Bxg3 65. Nf5 Bf4 66. Nxh6 Bd2 67. Nf5 Bf4 68. Kc6 Be5 1-0

[Event "Quebec-ch op"]
[Site "Montreal"]
[Date "2006.07.14"]
[Round "8"]
[White "Rozybakiyev, Rasul"]
[Black "Wilkin, Alain"]
[Result "1/2-1/2"]
[WhiteElo "2039"]
[BlackElo "1937"]
[PlyCount "56"]
[EventDate "2006.07.07"]
[EventType "swiss"]
[EventRounds "9"]
[EventCountry "CAN"]
[SourceTitle "CBM 113 Extra"]
[Source "ChessBase"]
[SourceDate "2006.09.14"]
[SourceVersion "1"]
[SourceVersionDate "2006.09.14"]
[SourceQuality "1"]

1. e4 c5 2. c3 Nf6 3. e5 Nd5 4. d4 cxd4 5. cxd4 e6 6. Nc3 Nxc3 7. bxc3 d6 8. Nf3 Be7 9. Bd3 Nc6 10. Bf4 dxe5 11. Nxe5 Nxe5 12. Bxe5 Bd7 13. Qg4 Bf6 14. Bxf6 Qxf6 15. 0-0 g6 16. Rfe1 0-0 17. Re3 Rac8 18. Be4 Bc6 19. Bxc6 Rxc6 20. Rb1 b6 21. Rf3 Qg7 22. h4 Rfc8 23. Qg3 a6 24. Re1 Rd8 25. Re5 b5 26. Qg5 Rcd6 27. a3 h6 28. Qf4 Rd5 1/2-1/2

[Event "Quebec-ch qual"]
[Site "Montreal"]
[Date "2005.07.22"]
[Round "6"]
[White "Bolduc, Steve"]
[Black "Wilkin, Alain"]
[Result "1-0"]
[WhiteElo "2206"]
[BlackElo "1948"]
[PlyCount "113"]
[EventDate "2005.07.17"]
[EventType "swiss"]
[EventRounds "9"]
[EventCountry "CAN"]
[SourceTitle "EXT 2009"]
[Source "ChessBase"]
[SourceDate "2008.11.26"]
[SourceVersion "1"]
[SourceVersionDate "2008.11.26"]
[SourceQuality "1"]

1. d4 d5 2. c4 e6 3. Nf3 Nf6 4. Bg5 Be7 5. Nc3 h6 6. Bh4 0-0 7. e3 b6 8. Qc2 Bb7 9. Rd1 Ne4 10. Bxe7 Qxe7 11. Bd3 Nxc3 12. Qxc3 dxc4 13. Bxc4 Nd7 14. d5 Nc5 15. 0-0 exd5 16. Bxd5 c6 17. Bc4 Ne4 18. Qe5 Rfe8 19. Qxe7 Rxe7 20. Nh4 Kf8 21. Nf5 Rc7 22. f3 Nf6 23. Rd6 Ne8 24. Rd2 b5 25. Be2 Bc8 26. Nd4 a6 27. Rc1 c5 28. Rdc2 c4 29. b3 Nd6 30. bxc4 bxc4 31. Bxc4 Rxc4 32. Rxc4 Nxc4 33. Rxc4 Bd7 34. Rc7 Ke8 35. Kf2 Rb8 36. e4 Rb2+ 37. Rc2 Rxc2+ 38. Nxc2 Ke7 39. Ke3 Be6 40. a3 g6 41. Kd4 Kd6 42. Nb4 Bc8 43. e5+ Kc7 44. Kc5 h5 45. h4 Kb7 46. Nd5 Be6 47. Nf4 Bf5 48. a4 Kc7 49. a5 Bc2 50. Nd5+ Kb7 51. Kd6 Bb3 52. Nf4 Bc4 53. g4 Bb3 54. gxh5 gxh5 55. Nxh5 Bd1 56. Nf6 Bxf3 57. h5 1-0

[Event "Quebec op"]
[Site "Montreal"]
[Date "1983.07.??"]
[Round "?"]
[White "Wilkin, Alain"]
[Black "Pepelea, Valentin"]
[Result "1-0"]
[WhiteElo "1895"]
[BlackElo "1633"]
[PlyCount "71"]
[EventDate "1983.07.24"]
[EventType "swiss"]
[EventRounds "8"]
[EventCountry "CAN"]
[SourceTitle "EXT 2022"]
[Source "ChessBase"]
[SourceDate "2021.10.06"]
[SourceVersion "1"]
[SourceVersionDate "2021.10.06"]
[SourceQuality "1"]

1. e4 c5 2. Nf3 d6 3. d4 cxd4 4. Nxd4 Nf6 5. Nc3 Nc6 6. Be2 g6 7. Be3 Bg7 8. Nb3 0-0 9. f4 a6 10. 0-0 b5 11. Bf3 Bb7 12. Nd5 Nxd5 13. exd5 Na5 14. Nxa5 Qxa5 15. c3 b4 16. Bd4 Bxd4+ 17. Qxd4 bxc3 18. bxc3 Rfc8 19. c4 Qc5 20. Qxc5 Rxc5 21. Rae1 Kf8 22. Re4 Rac8 23. Be2 a5 24. f5 g5 25. h4 h6 26. hxg5 hxg5 27. f6 e6 28. Rf3 exd5 29. Rh3 Kg8 30. Rg4 dxc4 31. Bxc4 Rf5 32. Rh6 Bd5 33. Bd3 Re5 34. Bh7+ Kf8 35. Bf5 Rc1+ 36. Kh2 1-0